Key to parasites of freshwater fish of the U.S.S.R. /

Uloženo v:
Podrobná bibliografie
Další autoři: Bykhovskai︠a︡-Pavlovskai︠a︡, I. E. (Irina Evgenʹevna)
Médium: Kniha
Jazyk:English
Russian
Vydáno: Jerusalem : Israel Program for Scientific Translations, 1964.
Témata:
LEADER 01114nam a2200253ra 4500
001 c000171984
003 CARM
005 19930119000000.0
008 930215s1964 is 000 0 eng d
019 1 |a 9843324  |z 21702766  |z 57706657  |5 LACONCORD2021 
035 |a (OCoLC)221528073  |5 LACONCORD2021 
040 |a NZOC  |b eng  |c NZOC 
041 1 |a eng  |h rus 
245 0 0 |a Key to parasites of freshwater fish of the U.S.S.R. /  |c compiled by I.E. Bykhovskaia-Pavlovskaia ... [et al.]. 
246 3 |a Opredelitelʹ parazitov presnovodnykh ryb SSSR. 
260 |a Jerusalem :  |b Israel Program for Scientific Translations,  |c 1964. 
300 |a 919 p. 
500 |a Translation of: Opredelitelʹ parazitov presnovodnykh ryb SSSR. 
650 0 |a Fishes  |z Soviet Union  |x Parasites. 
650 0 |a Parasites  |x Identification. 
700 1 |a Bykhovskai︠a︡-Pavlovskai︠a︡, I. E.  |q (Irina Evgenʹevna) 
852 8 |b CARM  |h A3:AD24C0  |i D06730  |p 0235206  |f BK 
999 f f |i 6e4ede16-993b-5e03-81ee-c36b6f610c38  |s 9cf77c87-8a25-5c26-a945-b2de62ef12bb 
952 f f |p Can circulate  |a CAVAL  |b CAVAL  |c CAVAL  |d CARM 1 Store  |e D06730  |f A3:AD24C0  |h Other scheme  |i book  |m 0235206